000 00755nam a2200289Ia 4500
005 20260324121317.0
008 008 260324s9999 xx 000 0 eng d
020 _a9781315746999
037 _aEBOOK
040 _aCRL
040 _beng
040 _cCRL
041 _2eng
041 _aeng
084 _qCRL
100 _aJennifer Jackson; Lina Molokotos-Liederman
_91162020
245 0 _aNationalism, Ethnicity and Boundaries
245 0 _bConceptualising and understanding identity through boundary approaches
260 _bTaylor and Francis
260 _c2014
365 _a
365 _b240
856 _uhttp://www.taylorfrancis.com/books/9781315746999
942 _cEBOOK
999 _c1754043
_d1754043